La corte de cuentas y la Fiscalía General de la República: dos instituciones precarias

En el artículo, se habla sobre los reproches mutuos que se hicieron los titulares de la Corte de Cuentas y de la Fiscalía General de la República, los cuales se encargaron de dejar en mal a la institución ajena

Sparad:
Bibliografiska uppgifter
Materialtyp: Text
Ämnen:
Taggar: Lägg till en tagg
Inga taggar, Lägg till första taggen!

MARC

LEADER 00000 a a2200000 04500
001 6828
003
040
245 |a La corte de cuentas y la Fiscalía General de la República:   |b dos instituciones precarias  
520 |a En el artículo, se habla sobre los reproches mutuos que se hicieron los titulares de la Corte de Cuentas y de la Fiscalía General de la República, los cuales se encargaron de dejar en mal a la institución ajena  
650 |a CORRUPCION  
650 |a POLITICA  
650 |a RECURSOS FINANCIEROS  
650 |a PARTIDOS POLITICOS  
650 |a DEMOCRACIA  
650 |a EL SALVADOR  
773 |g volumen 28, número 1251; páginas 2-3  
999 |c 23847  |d 23847